| 000 | 00693cam a2200217 4500 | ||
|---|---|---|---|
| 001 | ABS60936 | ||
| 008 | 000000n1999 000 0 eng u | ||
| 035 | _a(Sirsi) u101481 | ||
| 245 | _aFocus '99: Waterside development. | ||
| 260 | _c1999 | ||
| 490 |
_aEstates Gazette _v(9930) 31 July 1999, 55-69(10) |
||
| 520 | _aSpecial survey on waterside development. Covers marinas, water transport and port expansions. Company profile of British Waterways. | ||
| 650 | _aBRITISH WATERWAYS | ||
| 650 | _aGLASGOW | ||
| 650 | _aBIRMINGHAM | ||
| 650 | _aGOSPORT | ||
| 650 | _aLONDON | ||
| 650 | _aPADDINGTON | ||
| 690 | _aPROPERTY-COMMERCIAL PROPERTY-COMMERCIAL PROPERTY MARKET | ||
| 942 | _n0 | ||
| 999 |
_c60614 _d60614 |
||